| 000 | 01576cam a22004214a 4500 | ||
|---|---|---|---|
| 001 | 11922551 | ||
| 003 | OSt | ||
| 005 | 20140310184517.0 | ||
| 008 | 000225s2001 nyuab c 000 0 eng | ||
| 010 | _a 00026557 | ||
| 020 | _a0439206405 | ||
| 040 |
_aDLC _cDLC _dDLC |
||
| 042 |
_apcc _alcac |
||
| 043 | _at------ | ||
| 050 | 0 | 0 |
_aG 850.1914.S53 _b.R66 2001 |
| 082 | 0 | 0 | _a919.8/904 |
| 100 | 1 |
_aRoop, Connie. _923417 |
|
| 245 | 1 | 0 |
_aEscape from the ice : _bShackleton and the endurance / _cConnie and Peter Roop |
| 260 |
_aNew York : _bScholastic, _cc2001. |
||
| 300 |
_a48 p. : _bcol. ill., col. map ; _c23 cm. |
||
| 440 | 0 |
_aHello reader! _nLevel 4 _929538 |
|
| 521 | _aG3 | ||
| 526 | _c510 | ||
| 600 | 1 | 0 |
_aShackleton, Ernest Henry, _cSir, _d1874-1922 _xTravel _vJuvenile literature. _929539 |
| 600 | 1 | 1 |
_aShackleton, Ernest Henry, _cSir, _d1874-1922. _929540 |
| 610 | 2 | 0 |
_aEndurance (Ship) _vJuvenile literature. _929541 |
| 610 | 2 | 1 |
_aEndurance (Ship) _925926 |
| 611 | 2 | 1 |
_aImperial Trans-Antarctic Expedition _d(1914-1917) _929542 |
| 650 | 1 |
_aExplorers. _911190 |
|
| 651 | 0 |
_aAntarctica _xDiscovery and exploration _vJuvenile literature. _929543 |
|
| 651 | 1 |
_aAntarctica _xDiscovery and exploration. _929544 |
|
| 700 | 1 |
_aRoop, Peter. _923415 |
|
| 700 | 1 |
_aDoucet, Bob. _929545 |
|
| 906 |
_a7 _bcbc _corignew _d1 _eocip _f20 _gy-gencatlg |
||
| 942 |
_2lcc _cBK-SCHOLAS |
||
| 999 |
_c34969 _d34969 |
||